Pflanzendroge/Familie/Wirkstoff(-Typ)/Stammpflanzen #1 - Statistiken

Allgemein
  • Dieses Quiz wurde 12 mal gespielt
  • Das Durchschnittsergebnis liegt bei 18 aus 58
Antwortstatistiken
Pflanzendroge Familie Wirkstoff(-Typ) Stammpflanze(n)(Fachsprache) % Korrekt
Lupuli flos (EuAB) Cannabaceae Bitterstoffe Humulus lupulus
100%
Plantaginis lanceolatae folium (EuAB) Plantaginaceae Acteosid Plantago lanceolata
71%
Quassiae lignum Simaroubaceae BItterstoffe Quassia amara
57%
Belladonnae folium (EuAB) Solanaceae Atropa Alkalaoide, Atropin Atropa Belladonna
43%
Ballotae nigrae herba Lamiaceae Acteosid Ballota nigra
43%
Calendulae flos(EuAB) Asteraceae Flavonoide Calendula officinalis
43%
Chelidonii herba (EuAB) Papaveraceae Benzylisochinolinalkaloide Chelidonium majus
43%
Betula Folium (EuAB) Betulaceae Flavonoide Betula pendula; Betula pubescens
43%
Rapae oleum raffinatum Brassicaceae Fett(-säuren) Brassica napus; Brassica campestris
43%
Coffeae tostae semen Rubiaceae Purinalkaloide z.B Coffein Coffea arabica; Coffea liberica; Coffea robusta
43%
Crataegi folium cum flore und Crataegi fructus(EuAB) Rosaceae Vitexin-2''-O-rhamnosid (Blatt und Blüte), Cyanidinchlorid (Frucht) Crataegus monogyna; Crateagus laevigata
43%
Quercus Cortex (EuAB) Fagaceae Gerbstoffe Quercus robur; Quercus petraea; Quercus pubescens
43%
Solidaginis herba (EuAB) Asteraceae Flavonoide Solidago gigantea; Solidago canadensis
43%
Equiseti herba (EuAB) Equisetaceae Flavonoide Equisetum arvense
43%
Hyperici herba (EuAB) Hypericaceae Hypericin Hypericum perforatum
43%
Olivae oleum virginale/raffinatum Oleaceae Fett(-säuren) Olea europea
43%
Sambuci flos (EuAB) Vibournaceae Flavonoide Sambucus nigra
43%
Curacao-Aloe (EuAB) Asphodelaceae Aloin Aloe barbadensis
29%
Aloe capensis (EuAB) Asphodelaceae Aloin Aloe ferrox
29%
Arachidis oleum hydrogenatum/raffinatum Fabaceae Fett(-säuren) Arachis hypogaea
29%
Absinthii herba (EuAB) Asteraceae Absinthin (Bitterstoffe) Artemisia absinthium
29%
Theae folium Theaceae Purinalkaloide z.B Coffein Camelia sinensis
29%
Ipecacuanhae radix Rubiaceae Emetin Carapichea ipecacuanha
29%
Cnici benedicti herba(ÖAB) Asteraceae Cnicin Cnicus benedictus
29%
Citronellae aetheroleum (EuAB) Poaceae Ätherisches Öl Cymbopogon winterianus
29%
Digitalis purpureae folium (EuAB) Plantaginaceae Herzwirksameglykoside vom Cardenolid-Typ, z.B Digitoxin Digitalis purpurea
29%
Chinchonae cortex (EuAB) Rubiaceae Alkaloide, Chinin Cinchona pubescens; Cinchona calisaya; Cinchona ledgeriana
29%
Colae semen (EuAB) Malvaceae Purinalkaloide z.B Coffein Cola nitida; Cola acuminata
29%
Amygdalae oleum virginale/raffinatum Rosaceae Fett(-säuren) Prunis dulcis var. amara;Prunis dulcis var. dulcis
29%
Rhei Radix (EuAB) Polygonaceae Gesamthydroxyanthracenglycoside, Gerbstoffe Rheum palmatum; Rheum officinale
29%
Frangulae cortex (EuAB) Rhamnaceae Glucofrangulin A Frangula alnus
29%
Gentianae Radix (EuAB) Gentianaceae Amarogentin Gentiana Lutea
29%
Ratanhie radix (EuAB) Krameriaceae Gerbstoffe Krameria triandra
29%
Lini oleum virginale Linaceae Fett(-säuren) Linum usitatissimum
29%
Menthae piperitae folium (EuAB) Lamiaceae Ätherisches Öl Mentha x piperita
29%
Papaveraceae Opiate (z.b Morphin) Papaver somniferus
29%
Passiflorae herba (EuAB) Passifloraceae Flavonoide Passiflora incarnata
29%
Terebinthinae aetheroleum (EuAB) Pinaceae Ätherisches Öl Pinus pinaster; Pinus massoniana
29%
Polygoni avicularis herba (EuAB) Polygonaceae Flavonoiden Polygonum aviculare
29%
Tormentillae rhizoma (EuAB) Rosaceae Gerbstoffe Potentilla erecta
29%
Ricini oleum virginale/raffinatum/hydrogenatum Euphorbiaceae Fett(-säuren) Rizinus communis
29%
Rosmarini folium (EuAB) Lamiaceae Ätherisches Öl, Rosmarinsäure Rosmarinus officinalis
29%
Sennae Foliolum und Fructus(EuAB) Fabaceae Sennosid B Senna alexandrina
29%
Sesami oleum raffinatum Pedaliaceae Fett(-säuren) Sesamum indicum
29%
Solidaginis virgaurea herba (EuAB) Asteraceae Flavonoide Solidago virgaurea
29%
Polygalae radix Polygalaceae Presenegenin Polygala senega; Polygala tenuifolia
14%
Thymi herba (EuAB) Lamiaceae Ätherisches Öl/Thymol Thymus vulgaris; Thymus zygis
14%
Scillae Bulbus (DAB 2010) Asparagaceae Herzwirksame Glykoside vom Bufadienolidtyp Drimia maritima; Urginea maritima
14%
Foenuculi dulcis fructus (EuAB) Apiaceae Fenchon Foeniculum vulgare ssp. vulgare var. dulce
14%
Foenuculi amari fructus (EuAB) Apiaceae Fenchon und Anethol Foeniculum vulgare ssp. vulgare var. vulgare
14%
soiae oleum hydrogenatum/raffinatum Fabaceae Fett(-säuren) Glycin max.
14%
Hamamelidaceae ß-Hamamelitannin Hamamelis virginiana
14%
Lavandulae flos (EuAB) Lamiaceae Ätherisches Öl Lavandula angustifolia
14%
Lytraceae Punicalagin Punica granatum
14%
Fagaceae Gallotannin Quercus infectoria
14%
Rhamni purshianeae cortex (EuAB) Rhamnaceae Cascarosid A Rhamnus purshiana
14%
Anacardiaceae Gallotannin Rhus semiolata
14%
Aurantii amari epicarpium et mesocarpium (EuAB) Rutaceae Bitterstoffe Citrus aurantium ssp. aurantium (Bitterorange)
0%
Keine übereinstimmenden Quizze gefunden
Verteilung der Resultate
Anzahl Personen mit jedem Resultat
Perzentil nach korrekt beantworteten Fragen
Ihre Resultats-Entwicklung
Sie haben dieses Quiz noch nicht gespielt